[Event "RUS-chT Rapid Men 2018"]
[Site "Sochi"]
[Date "2018.10.09"]
[Round "7"]
[White "Khanin, Semen"]
[Black "Oganian, Miran"]
[Result "0-1"]
[WhiteElo "2510"]
[BlackElo "2435"]
[Annotator "ChessBase"]
[PlyCount "78"]
[EventDate "2018.10.05"]
[EventType "swiss"]
[EventCountry "RUS"]
[SourceTitle "playchess.com"]
[Source "ChessBase"]
[SourceQuality "1"]
[TimeControl "900+10"]

1. e4 {[%emt 0:00:00]} c5 {[%emt 0:00:00]} 2. Nf3 {[%emt 0:00:00]} d6 {[%emt 0:00:00]} 3. d4 {[%emt 0:00:00]} cxd4 {[%emt 0:00:00]} 4. Nxd4 {[%emt 0:00:00]} Nf6 {[%emt 0:00:00]} 5. Nc3 {[%emt 0:00:00]} a6 {[%emt 0:00:01]} 6. f3 {[%emt 0:00:00]} e5 {[%emt 0:00:14]} 7. Nb3 {[%emt 0:00:02]} Be6 {[%emt 0:00:10]} 8. Be3 {[%emt 0:00:02]} h5 {[%emt 0:00:05]} 9. Qd2 {[%emt 0:00:10]} Nbd7 {[%emt 0:00:02]} 10. O-O-O {[%emt 0:00:10]} Be7 {[%emt 0:00:05]} 11. Kb1 {[%emt 0:00:24]} Rc8 {[%emt 0:00:04]} 12. h4 {[%emt 0:00:04]} Qc7 {[%emt 0:00:57]} 13. Bg5 {[%emt 0:00:12]} b5 {[%emt 0:01:09]} 14. a3 {[%emt 0:00:02]} Nb6 {[%emt 0:01:48]} 15. Bxf6 {[%emt 0:00:02]} gxf6 {[%emt 0:00:04]} 16. Qf2 {[%emt 0:00:14]} f5 {[%emt 0:00:49]} 17. g3 {[%emt 0:00:15]} fxe4 {[%emt 0:01:24]} 18. fxe4 {[%emt 0:00:03]} Rg8 {[%emt 0:00:38]} 19. Bh3 {[%emt 0:00:51]} Nc4 {[%emt 0:01:21]} 20. Nd5 {[%emt 0:00:37]} Bxd5 {[%emt 0:00:04]} 21. Rxd5 {[%emt 0:00:57]} Rb8 {[%emt 0:00:52]} 22. Rf1 Rg7 23. Rd3 {[%emt 0:03:58]} a5 {[%emt 0:00:49]} 24. Rf3 {[%emt 0:00:15]} Bd8 {[%emt 0:00:09]} 25. Rf5 {[%emt 0:00:19]} Rh7 {[%emt 0:00:28]} 26. Nc1 {[%emt 0:01:46]} Qb7 {[%emt 0:01:40]} 27. Qe2 {[%emt 0:00:53]} Qxe4 {[%emt 0:00:52]} 28. Qd1 {[%emt 0:03:40]} Be7 {[%emt 0:04:14]} 29. Re1 {[%emt 0:00:07]} Qc6 {[%emt 0:00:41]} 30. Rxh5 {[%emt 0:00:17]} Rxh5 {[%emt 0:00:04]} 31. Qxh5 {[%emt 0:00:02]} Nd2+ {[%emt 0:00:06]} 32. Ka1 {[%emt 0:00:03]} Qxc2 {[%emt 0:00:04]} 33. Qh8+ {[%emt 0:00:07]} Bf8 {[%emt 0:00:02]} 34. Rxe5+ {[%emt 0:00:02]} dxe5 {[%emt 0:00:28]} 35. Qxe5+ {[%emt 0:00:01]} Be7 {[%emt 0:00:36]} 36. Qxb8+ {[%emt 0:00:13]} Bd8 {[%emt 0:00:02]} 37. Qe5+ {[%emt 0:00:27]} Kf8 {[%emt 0:00:21]} 38. Qh8+ {[%emt 0:02:34]} Ke7 {[%emt 0:00:01]} 39. Qc3 {[%emt 0:00:25]} Qb1# {[%emt 0:00:03]} 0-1

[Event "RUS-chT Rapid Men 2018"]
[Site "Sochi"]
[Date "2018.10.09"]
[Round "7"]
[White "Triapishko, Alexandr"]
[Black "Ozgibcev, Anatoly"]
[Result "1-0"]
[WhiteElo "2508"]
[BlackElo "2368"]
[Annotator "TA"]
[PlyCount "161"]
[EventDate "2018.10.05"]
[EventType "swiss"]
[EventCountry "RUS"]
[SourceTitle "playchess.com"]
[Source "ChessBase"]
[SourceQuality "1"]

{[%evp 22,161,38,35,31,26,13,12,14,20,14,24,33,18,27,31,33,42,31,20,72,78,64,59,64,54,53,29,29,29,29,22,44,29,29,29,29,29,29,28,19,27,29,31,54,33,78,78,76,75,93,80,102,78,167,100,133,124,136,103,121,119,136,130,145,133,142,139,138,109,142,124,122,89,103,68,88,0,105,86,97,93,178,173,168,172,164,173,168,168,309,306,308,308,298,296,305,279,356,358,356,359,389,389,388,349,378,372,469,469,460,417,453,450,408,409,5072,5081,1514,435,435,404,1108,268,458,445,519,492,662,591,1488,1427,1204,720,1326,1341,1367,1285,29990,29991,29998,29999]} 1. e4 e5 2. Nf3 Nc6 3. Bb5 Nge7 4. O-O g6 5. c3 Bg7 6. d4 exd4 7. cxd4 d5 8. exd5 Nxd5 9. Re1+ Be6 10. Bg5 Qd6 11. Nbd2 O-O 12. Ne4 Qb4 {C60: Ruy Lopez: Unusual Black 3rd moves and 3...g6} 13. Bxc6 $1 bxc6 14. Qd2 (14. Qc1 Rfe8 15. Bd2 Qb6 16. Nc5 Bf5 17. Ne5 Re7 18. a4 Bxe5 19. dxe5 Rb8 20. b4 Rbe8 21. Qc4 Rxe5 22. Rxe5 Rxe5 {½-½ (39) Ly,M (2501)-Banusz,T (2616) Abu Dhabi 2016}) 14... Rab8 {The position is equal.} 15. b3 $1 Bf5 $146 ({Predecessor:} 15... Rfe8 16. Rac1 Bf5 17. Qxb4 Nxb4 18. Nf6+ Bxf6 19. Bxf6 Nxa2 20. Rxe8+ Rxe8 21. Rxc6 Re6 22. d5 Rxc6 23. dxc6 Be4 24. Nd4 Nb4 {½-½ (24) Singh,A (2156)-Vul,A (2311) New Delhi 2010}) 16. Ng3 Be6 17. Rac1 Qxd2 18. Bxd2 Nb4 19. Bxb4 Rxb4 20. Rxc6 Bd5 (20... a5 $11 {remains equal.}) 21. Rxc7 $16 Bxf3 22. gxf3 Bxd4 23. Re4 Rd8 24. Ne2 {Threatens to win with Rc6.} (24. Kg2 {is more complex.} Rbb8 25. Nf1 Bb6 26. Rc2 Rd3 27. Ne3) 24... Bb6 25. Rxb4 Bxc7 $11 {[%mdl 4096] Endgame KRB-KRN} 26. Rd4 Re8 27. Rd2 Ba5 28. Rc2 Rd8 29. Kg2 Rd3 30. f4 Kg7 31. Ng3 f5 32. Nf1 Bb6 {[#]} 33. Ne3 $1 {[%mdl 512]} Rd7 (33... Bxe3 34. fxe3) 34. Nc4 Bd8 35. Ne5 Rb7 36. Kf3 Bf6 37. Rd2 h6 (37... Rc7 $16) 38. Nc4 (38. Rd6 $18) 38... Re7 39. Rd5 Bc3 40. Ne3 Rc7 41. Rd6 Bb4 42. Ra6 Bc5 43. Nc4 g5 44. fxg5 hxg5 45. h3 Rd7 46. Ra5 Rc7 47. a3 Kg6 48. Ne5+ Kh5 49. Nc4 Kg6 50. Ra6+ Kh5 51. Rf6 g4+ (51... f4 $16) 52. hxg4+ $18 fxg4+ {[#]} 53. Kg3 $1 Kg5 54. Rf4 Rd7 {Strongly threatening ...Rd3+.} 55. Rxg4+ Kh5 (55... Kf6 $142 56. b4 Rd3+ 57. Kg2 Bd4) 56. Rh4+ Kg5 {With the idea ...Bxf2+.} 57. f4+ Kf6 58. Rh6+ Kg7 59. Rc6 Rd3+ 60. Kg4 Bf2 61. b4 Kf8 62. Kf5 Ke7 63. Re6+ Kf8 64. Ra6 Rd4 65. Ne5 Rd1 66. Rc6 Ke7 67. Rc7+ Kd8 68. Rc2 {Ke6 is the strong threat.} Be3 (68... Bb6 $142 69. a4 Rb1) 69. Ke6 {Nf7+ would kill now.} Rc1 70. Nf7+ (70. Rxc1 $142 {Intending Nf7+ and mate.} Bxc1 71. f5 Bxa3 72. f6) 70... Ke8 71. Nd6+ Kd8 (71... Kf8 $142) 72. Nb7+ (72. Rxc1 $142 Bxc1 73. f5) 72... Ke8 73. Re2 Rc3 74. f5 Bg5 75. f6 Kf8 76. Nc5 Bxf6 77. Nd7+ Kg7 78. Rg2+ Kh6 79. Nxf6 Rc6+ 80. Kf5 {[%csl Gf5][%cal Rg2g6]} Rc5+ 81. bxc5 {Precision: White = 59%, Black = 44%.} 1-0

[Event "RUS-chT Rapid Men 2018"]
[Site "Sochi"]
[Date "2018.10.09"]
[Round "7"]
[White "Moiseenko, Vadim"]
[Black "Mochalin, Faddey"]
[Result "1-0"]
[WhiteElo "2492"]
[BlackElo "2032"]
[Annotator "TA"]
[PlyCount "123"]
[EventDate "2018.10.05"]
[EventType "swiss"]
[EventCountry "RUS"]
[SourceTitle "playchess.com"]
[Source "ChessBase"]
[SourceQuality "1"]

{[%evp 21,123,39,81,68,75,84,204,154,177,146,149,161,141,155,144,151,161,156,133,155,151,154,137,135,139,96,97,102,108,110,110,94,141,111,130,106,90,67,88,0,0,-17,-15,-14,0,0,0,0,0,0,0,0,75,77,70,31,34,31,92,75,77,66,76,66,70,53,110,110,102,114,112,110,111,106,142,145,133,69,145,126,129,122,115,111,130,119,1197,531,995,844,4750,4720,4618,4391,4618,4618,29967,29969,6621,4610,29985,29986,29992,29993]} 1. d4 d5 2. c4 c6 3. Nc3 e6 4. e4 dxe4 5. Nxe4 Bb4+ 6. Bd2 Qxd4 7. Bxb4 Qxe4+ 8. Be2 Nd7 9. Nf3 c5 10. Bc3 Ngf6 11. Qd6 {D31: Queen's Gambit Declined: Semi-Slav without ...Nf6 (+ Marshall Gambit and Noteboom) and Exchange Variation lines without ...Nf6} Qc6 {LiveBook: 3 Games} (11... a5 12. a4 Ra6 13. Qd2 Qg6 14. Nh4 Qe4 15. Nf3 Qg6 16. Nh4 Qe4 {½-½ (16) Koziol,K (2318)-Sosna,J (2327) Czech Republic 2017}) 12. Qg3 {[%mdl 1024] White has strong compensation.} Qe4 13. Ng5 $146 {White is better.} ({Predecessor:} 13. Rd1 Qg6 14. Qf4 O-O 15. O-O Ne4 16. Rd3 Nxc3 17. Rxc3 Qf6 18. Qe4 Qf5 {0-1 (89) Kiuru,V-Kongshavn,H Saltsjobaden 1948}) 13... Qg6 (13... Qf5 $16 {might work better.}) 14. Bd3 Qh5 15. Ne4 Qg4 16. Nxf6+ $1 Nxf6 17. Qxg4 Nxg4 18. Bxg7 Rg8 19. Bc3 f5 20. f3 Nh6 21. Kf2 Bd7 22. Rhe1 O-O-O 23. Bf6 Rde8 24. a3 Rg6 25. Bc3 Reg8 26. g3 Rd8 27. b4 Nf7 28. bxc5 Ng5 29. Be2 Ba4 30. h4 (30. Bf1 $16) 30... Nh3+ $11 31. Ke3 Rxg3 {And now ...e5! would win.} 32. Be5 $1 {[%cal Re5g3]} f4+ 33. Bxf4 Nxf4 34. Kxf4 Rg6 35. Rg1 Rh6 36. Rg4 Rd2 (36... Rh5 $11) 37. Ke3 $36 {[%mdl 2048] White is in control.} Rd7 38. Rag1 Kc7 39. Rf4 Kc6 ({Black should try} 39... e5 $14 40. Rf8 Rc6) 40. Rg5 Bc2 {[#]} 41. h5 $1 Bf5 $1 42. Rd4 {Hoping for Rxd7.} Rc7 43. Bd3 Kxc5 (43... Re7 $14) 44. Bxf5 exf5 45. Rxf5+ $14 {[%mdl 4096] Endgame KRR-KRR} Kc6 46. Re5 b6 47. a4 Rf7 48. f4 Rg7 49. a5 (49. c5 $16) 49... Kb7 (49... Rg3+ $14 50. Ke4 Rc3) 50. axb6 axb6 51. Ke4 Kc6 52. Rd8 Kc7 53. Ra8 {aiming for Ra7+.} Kd6 $2 {[%mdl 8192]} (53... Rg1 $16 54. Rh8 Kc6) 54. Ra6 (54. c5+ $142 Kc6 55. cxb6) 54... Kc6 {[#]} 55. c5 $1 Kb7 56. Rxb6+ Rxb6 57. cxb6 Kxb6 $18 {KR-KR} 58. f5 {[%cal Bf4f5,Bf5f6][%mdl 32]} Rg4+ 59. Kd5 Kc7 60. Ke6 Kd8 61. f6 Ke8 62. Kf5+ {Precision: White = 70%, Black = 38%.} 1-0

[Event "RUS-chT Rapid Men 2018"]
[Site "Sochi"]
[Date "2018.10.09"]
[Round "7"]
[White "Belyakov, Bogdan"]
[Black "Shcherbakov, Ruslan"]
[Result "1/2-1/2"]
[WhiteElo "2458"]
[BlackElo "2516"]
[Annotator "ChessBase"]
[PlyCount "73"]
[EventDate "2018.10.05"]
[EventType "swiss"]
[EventCountry "RUS"]
[SourceTitle "playchess.com"]
[Source "ChessBase"]
[SourceQuality "1"]
[TimeControl "900+10"]

1. e4 {[%emt 0:00:00]} e5 {[%emt 0:00:00]} 2. Nf3 {[%emt 0:00:00]} Nc6 {[%emt 0:00:00]} 3. Nc3 {[%emt 0:00:13]} Nf6 {[%emt 0:00:00]} 4. Be2 {[%emt 0:00:02]} d5 {[%emt 0:01:40]} 5. exd5 {[%emt 0:00:02]} Nxd5 {[%emt 0:00:02]} 6. O-O {[%emt 0:00:03]} Nxc3 {[%emt 0:01:23]} 7. bxc3 {[%emt 0:00:02]} Bd6 {[%emt 0:02:20]} 8. d4 {[%emt 0:00:04]} O-O {[%emt 0:00:33]} 9. Rb1 {[%emt 0:01:37]} Rb8 {[%emt 0:01:17]} 10. Bb5 {[%emt 0:03:12]} Bg4 {[%emt 0:00:54]} 11. h3 {[%emt 0:00:07]} Bh5 {[%emt 0:00:24]} 12. Bxc6 {[%emt 0:00:37]} bxc6 {[%emt 0:00:02]} 13. Rxb8 {[%emt 0:00:01]} Qxb8 {[%emt 0:00:02]} 14. dxe5 {[%emt 0:00:03]} Bc5 {[%emt 0:01:53]} 15. Qe2 {[%emt 0:00:58]} Re8 {[%emt 0:01:14]} 16. Rd1 {[%emt 0:00:50]} Qc8 {[%emt 0:02:27]} 17. Qe4 {[%emt 0:02:16]} Bxf3 {[%emt 0:00:28]} 18. Qxf3 {[%emt 0:00:12]} Rxe5 {[%emt 0:00:30]} 19. Qxc6 {[%emt 0:00:32]} Bb6 {[%emt 0:01:40]} 20. Bf4 {[%emt 0:02:17]} Re6 {[%emt 0:00:02]} 21. Qd7 {[%emt 0:01:14]} Qxd7 {[%emt 0:00:05]} 22. Rxd7 {[%emt 0:00:02]} h5 {[%emt 0:00:13]} 23. Bxc7 {[%emt 0:02:13]} Re1+ {[%emt 0:00:02]} 24. Kh2 {[%emt 0:00:01]} Bxf2 {[%emt 0:00:02]} 25. g4 {[%emt 0:00:49]} hxg4 {[%emt 0:00:19]} 26. hxg4 {[%emt 0:00:01]} Re2 {[%emt 0:00:02]} 27. Bf4 {[%emt 0:01:10]} Bb6+ {[%emt 0:00:19]} 28. Kg3 {[%emt 0:00:02]} Rxc2 {[%emt 0:00:01]} 29. Be5 {[%emt 0:00:07]} Rxa2 {[%emt 0:00:12]} 30. Bd4 {[%emt 0:00:10]} Rd2 {[%emt 0:00:44]} 31. Kf3 {[%emt 0:00:03]} f6 {[%emt 0:00:10]} 32. Ke3 {[%emt 0:00:03]} Rg2 {[%emt 0:00:08]} 33. Kf3 {[%emt 0:00:03]} Rc2 {[%emt 0:00:12]} 34. g5 {[%emt 0:00:22]} fxg5 {[%emt 0:00:20]} 35. Rxg7+ {[%emt 0:00:05]} Kf8 {[%emt 0:00:01]} 36. Rxg5 {[%emt 0:00:02]} Bxd4 {[%emt 0:00:06]} 37. Ke4 1/2-1/2

[Event "RUS-chT Rapid Men 2018"]
[Site "Sochi"]
[Date "2018.10.09"]
[Round "7"]
[White "Kozionov, Kirill"]
[Black "Usmanov, Vasily"]
[Result "1/2-1/2"]
[WhiteElo "2458"]
[BlackElo "2453"]
[Annotator "TA"]
[PlyCount "59"]
[EventDate "2018.10.05"]
[EventType "swiss"]
[EventCountry "RUS"]
[SourceTitle "playchess.com"]
[Source "ChessBase"]
[SourceQuality "1"]

{[%evp 26,59,10,0,0,0,20,18,16,0,3,10,5,8,19,8,8,6,25,25,25,22,37,39,25,10,20,33,16,0,29,25,21,0,0,0]} 1. d4 Nf6 2. c4 e6 3. Nc3 d5 4. Nf3 Be7 5. Bg5 h6 6. Bh4 O-O 7. e3 Ne4 8. Bxe7 Qxe7 9. Rc1 c6 10. Bd3 Nxc3 11. Rxc3 dxc4 12. Rxc4 Nd7 13. O-O e5 {D56: Damengambit (Moderne Lasker-Verteidigung)} 14. Qc2 {LiveBook: 3 Partien} (14. Bc2 Nb6 15. Rc5 Nd7 16. Rc3 exd4 17. exd4 Nf6 18. Re1 Qd6 19. Ne5 Rd8 20. Bb3 Nd5 21. Rf3 {½-½ (54) Nakamura,H (2787)-Aronian,L (2792) Paris 2016}) 14... Nb6 {[#] ...e4 ist eine echte Drohung.} 15. Rc5 Nd7 16. Rc3 Re8 {zielt auf ...e4 ab.} 17. Bh7+ Kh8 {Und ...e4 würde nun gewinnen.} 18. Bf5 exd4 19. Nxd4 $146 ({Vorgänger:} 19. exd4 Nf6 20. Re3 Bxf5 21. Qxf5 Qd7 22. Qxd7 Nxd7 23. Rfe1 Rxe3 24. fxe3 Re8 25. Nd2 {½-½ (22) Jenkinson,S (2296)-Santhosh,M (2344) ICCF email 2008}) 19... Nb6 20. Rc1 Bxf5 21. Nxf5 Qe4 (21... Qe5 {looks sharper.} 22. Rc5 Qf6 23. h3 Rad8 24. b4 a6) 22. Qxe4 Rxe4 23. f3 Rb4 24. b3 {Droht a3 und aus.} Rd8 25. e4 a5 26. a3 Rb5 27. R1c2 Na8 28. Kf2 Nc7 29. g4 g6 30. Ne3 {Precision: Weiß = 55%, Schwarz = 41%.} ({Viel schlechter ist} 30. Nxh6 Kg7 $17) 1/2-1/2

[Event "RUS-chT Rapid Men 2018"]
[Site "Sochi"]
[Date "2018.10.09"]
[Round "7"]
[White "Gutenev, Alexander"]
[Black "Savitskiy, Sergey"]
[Result "1/2-1/2"]
[WhiteElo "2456"]
[BlackElo "2413"]
[Annotator "TA"]
[PlyCount "188"]
[EventDate "2018.10.05"]
[EventType "swiss"]
[EventCountry "RUS"]
[SourceTitle "playchess.com"]
[Source "ChessBase"]
[SourceQuality "1"]

{[%evp 23,188,-3,0,-54,0,0,0,0,0,-22,0,-13,0,-79,37,30,25,28,67,0,44,-8,14,0,0,0,0,0,0,0,0,0,0,4,27,0,156,133,121,94,120,13,18,0,0,0,0,0,0,0,0,0,0,0,0,0,0,-11,0,0,0,0,0,0,0,0,0,0,0,0,0,0,0,-356,-640,-640,-626,-626,-602,-12841,-12842,-29993,-526,-529,-497,-293,0,-1129,-900,-12836,-12836,-12841,0,0,0,0,0,0,0,0,0,0,0,0,0,0,0,-12851,-12851,-12851,-12851,-12851,-12851,-12851,-12851,-12851,-12851,-12851,-12851,-12851,-12851,-12851,-12851,-12851,-12851,-12851,0,-12851,-12851,-12851,-12851,-12851,0,0,0,0,0,0,0,0,0,0,0,0,0,0,0,0,0,0,0,0,0,0,0,0,0,0,0,0,0,0,0,0,0,0,0]} 1. e4 c5 2. Nf3 d6 3. d4 cxd4 4. Nxd4 Nf6 5. Nc3 Nc6 6. Bg5 e6 7. Qd2 a6 8. O-O-O Bd7 9. f4 Be7 10. Nf3 b5 11. Bxf6 gxf6 12. g3 Qb6 {LiveBook: 12 Games. B69: Sicilian: Richter-Rauzer: 7...a6 8 0-0-0 Bd7 9 f4 Be7 10 Nf3 b5 11 Bxf6} (12... Rc8 13. Kb1 Qb6 14. f5 Na5 15. fxe6 fxe6 16. e5 Bc6 17. exd6 Bxf3 18. d7+ Kf7 19. dxc8=Q Rxc8 20. Bd3 f5 21. Qh6 Qc5 22. Qxh7+ Kf6 23. Rde1 Bf8 24. Rhf1 b4 25. Rxf3 bxc3 26. Bxf5 {1-0 (26) Pikula,D (2568)-Bogosavljevic,B (2526) Banja Vrucica 2009}) 13. Bh3 (13. Kb1 $11) 13... h5 $146 (13... b4 $1 $15 14. Ne2 a5) ({Predecessor:} 13... O-O-O 14. f5 Kb8 15. fxe6 fxe6 16. Rhf1 Bc8 17. Qe1 Qc5 18. Kb1 Qh5 19. Bg2 Qc5 20. Ne2 {½-½ (41) Joachim,S (2451)-Madl,I (2399) Germany 2011}) 14. f5 $11 Ne5 15. Nd4 {[%cal Rf5e6]} Ng4 16. Bxg4 (16. Rdf1 {feels hotter.} Rc8 17. Qd3 Ne5 18. Qd2 Nc4 19. Qd3) 16... hxg4 17. fxe6 fxe6 18. Nce2 (18. Rde1 $11 {keeps the balance.}) 18... Bf8 (18... Kf7 $17) 19. Kb1 $14 Bh6 20. Qd3 O-O-O 21. Qb3 (21. h3 $14) 21... Rde8 22. Nf4 (22. h4 $14) 22... d5 (22... Bxf4 $5 23. gxf4 Rh3 $15) 23. Qd3 ({And not} 23. exd5 e5 $17) 23... Bxf4 24. gxf4 Rh3 25. Qe2 $36 {[%mdl 2048] White is more active.} e5 26. Nf5 Bxf5 27. exf5 {With the idea fxe5.} Rf3 $1 28. Rxd5 {[%cal Rf4e5]} Rxf4 29. Rhd1 Rc4 $2 (29... Qf2 $1 $11 30. Qd3 Rd4 31. Qc3+ (31. Rxd4 exd4 32. Qa3 Kb7 $11) 31... Rc4) 30. Rd6 Rc6 31. Rd7 Qc5 32. a3 (32. R7d5 $16 Qc4 33. Qg2) 32... e4 $1 $11 33. R7d5 Qc4 34. Qe3 Qxc2+ 35. Ka1 {[#] Strongly threatening Qa7.} Kb7 36. Rd7+ Rc7 37. R7d6 {White wants to mate with Qb6+.} Qc5 38. Qxc5 Rxc5 39. Rxf6 {[%mdl 4096] Endgame KRR-KRR} e3 40. Re1 e2 41. Kb1 Rd5 42. Kc2 $1 Rc8+ 43. Kb3 Re8 44. Kc2 Rc8+ 45. Kb3 Rd3+ 46. Ka2 Rc2 47. Re6 Rdd2 48. f6 $2 {[%mdl 8192]} (48. Rb1 $11 {and White has nothing to worry.}) 48... Rxb2+ $19 49. Ka1 Ra2+ 50. Kb1 Rxa3 51. Kc1 {[#]} Rd1+ $1 52. Rxd1 exd1=Q+ (52... exd1=R+ $2 53. Kxd1 Rf3 54. Re7+ Kb6 55. f7 $17) (52... Ra1+ $142 53. Kb2 exd1=Q 54. Re7+ Kc6 55. Re6+ Kd5 56. Re3 Qc1+ 57. Kb3 Rb1+ 58. Ka2 Qb2#) 53. Kxd1 {KR-KR} Rf3 54. Ke2 (54. Re7+ $142 Kb6 55. f7) 54... b4 $2 (54... a5 $19 55. Re7+ Kc6) 55. h4 $2 {[%mdl 8192]} (55. h3 $11) 55... b3 {( -> ...b2)} 56. Re4 Rxf6 57. Kd2 Rf3 $2 ({Black should play} 57... b2 $19 58. Kc2 Rf2+ 59. Kb1 g3 60. Re7+ Kc6 61. Re6+ Kb5 62. Re5+ Kc4) 58. Rxg4 $11 a5 59. Kc1 Rf2 {aiming for ...Kb6.} 60. h5 Rh2 61. h6 Kb6 {Threatens to win with ...Kb5.} 62. h7 $1 Kb5 $2 {[%mdl 8192]} (62... Kb7 $11) 63. h8=Q $19 Rxh8 64. Kb2 a4 65. Rg5+ $2 {[%mdl 8192]} (65. Ka3 $11) 65... Kc6 66. Ka3 Rh4 67. Rf5 Rc4 68. Ra5 Kb6 69. Rh5 Kc6 70. Ra5 Kc7 71. Ra6 Kb7 72. Rh6 Rc2 73. Rh7+ Kc8 74. Rh8+ Kd7 75. Rh7+ $2 {[%mdl 8192]} (75. Kxa4 $11 b2 76. Rb8) 75... Kc6 76. Rh6+ Kc5 {[%csl Gb3][%cal Rc2a2]} 77. Rh5+ Kc4 $2 ({Black should try} 77... Kc6 $19 78. Rh6+ Kb5 79. Rh5+ Rc5) 78. Rh4+ $11 {The position is equal.} Kc3 {[%csl Gb3][%cal Rc2a2]} 79. Rh3+ Kc4 {[%csl Gb3][%cal Rc2a2]} 80. Rh4+ Kd3 (80... Kc3 $5 81. Rh3+ $8 Kd2 82. Rh2+ Ke3 83. Rh3+ Kd2 84. Rh2+ Ke3 85. Rh3+ Kd2 $11) 81. Rh3+ Ke2 82. Rh2+ Ke1 (82... Kd1 $5 83. Rh1+ $8 Kd2 84. Kxa4 Kc3 85. Rh3+ Kd4 $11) 83. Rh1+ Kf2 {...Ra2+ is the strong threat.} (83... Kd2 $5 {[%cal Rc2a2]} 84. Kxa4 Kd3 $11) 84. Rh2+ $1 Ke3 85. Rh3+ Kd4 (85... Kd2 $5 86. Rh2+ $8 Ke3 87. Rh3+ Kd4 88. Rh4+ Kd3 89. Rh3+ Kd2 90. Rh2+ Kd3 91. Rh3+ $11) 86. Rh4+ Kc3 {[%csl Gb3][%cal Rc2a2]} (86... Kd3 $5 87. Rh3+ $8 Kd2 88. Rh2+ Ke3 89. Rh3+ Kd2 90. Rh2+ Ke3 $11) 87. Rh3+ Kc4 {[%csl Gb3][%cal Rc2a2]} (87... Kd2 $5 88. Rh2+ $8 Kd3 89. Rh3+ Kd2 90. Rh2+ Kc3 91. Rh3+ $11) 88. Rh4+ Kc3 {[%csl Gb3][%cal Rc2a2]} (88... Kd3 $5 89. Rh3+ $8 Kd2 90. Rh2+ Kd3 91. Rh3+ $11) 89. Rh3+ Kd2 (89... Kd4 $5 {[%cal Rc2a2]} 90. Kxa4 b2 $11) 90. Rh2+ Kd1 (90... Kc1 $5 91. Rh1+ $8 Kd2 92. Kxa4 Kc3 93. Rh3+ Kc4 94. Rh4+ Kd3 95. Kxb3 Rg2 $11) 91. Rh1+ Ke2 {And now ...Ra2+ would win.} 92. Rh2+ Ke3 93. Rh3+ Kd2 {Hoping for ...Ra2+.} 94. Rh2+ Kc3 {Precision: White = 53%, Black = 47%.} (94... Kd1 $5 95. Rh1+ $8 Ke2 96. Kxa4 Kd3 $11) 1/2-1/2

[Event "RUS-chT Rapid Men 2018"]
[Site "Sochi"]
[Date "2018.10.09"]
[Round "7"]
[White "Lugovskoy, Maxim"]
[Black "Maletin, Pavel"]
[Result "1-0"]
[WhiteElo "2428"]
[BlackElo "2586"]
[Annotator "TA"]
[PlyCount "78"]
[EventDate "2018.10.05"]
[EventType "swiss"]
[EventCountry "RUS"]
[SourceTitle "playchess.com"]
[Source "ChessBase"]
[SourceQuality "1"]

{[%evp 25,78,-29,-28,-79,-79,-69,-54,-113,-115,-172,-168,-185,-172,-270,-263,-315,-295,-304,-242,-313,-298,-304,-311,-308,-302,-291,-283,-316,-245,-254,-230,-261,-153,-163,-156,-375,-379,-383,-378,-354,-313,-293,0,0,0,0,0,0,0,0,0,0,0,0,0]} 1. e4 c5 2. c3 Nf6 3. e5 Nd5 4. d4 cxd4 5. cxd4 d6 6. Nf3 Nc6 7. Bc4 Nb6 8. Bb3 dxe5 9. d5 Na5 10. Nc3 {B22: Sicilian: 2 c3} Bg4 11. Be3 Nxb3 12. Qxb3 Bxf3 13. gxf3 g6 {LiveBook: 14 Games} 14. Nb5 (14. h4 $11) 14... Bg7 $17 15. d6 O-O $146 ({Predecessor:} 15... exd6 16. Rd1 Nc8 17. Rc1 O-O {0-1 (31) Lugovskoy,M (2470)-Duzhakov,I (2421) St Petersburg 2017}) 16. O-O-O {[#]} ({White should try} 16. Bg5 $15 Bf6 17. Bh6) 16... exd6 $1 17. Rxd6 (17. Nxd6 $17 Qf6 18. Bxb6 axb6 19. Kb1) 17... Qh4 $19 18. Kb1 {[#]} Nc4 $1 {Strongly threatening ...a6.} 19. Rd7 (19. Rdd1 $142) 19... Rad8 20. Rhd1 {White wants to play Rxd8.} Rxd7 21. Rxd7 Qh3 22. Rd3 Nxe3 23. fxe3 Qxf3 24. a3 e4 25. Rd7 Bh6 26. Nd6 Bxe3 27. Qxb7 Bd4 28. Nxe4 Qd3+ (28... Be5 $19 {And now ...Rb8 would win.} 29. Qd5 Qh1+ 30. Ka2 Qxh2) 29. Ka2 $17 Qc4+ 30. Kb1 $2 (30. Qb3 $17 {was forced.} Qxb3+ 31. Kxb3 Rb8+ 32. Kc4 Bxb2 33. Rxa7) 30... Re8 $19 31. Re7 Rxe7 32. Qxe7 Kg7 33. Nd6 Qd5 $2 (33... Qf1+ $19 34. Ka2 Qf2 35. Ne8+ Kg8) 34. Qd8 $1 $11 {The position is equal.} Qh1+ (34... Qe5 $5 35. Ne8+ $8 Kh8 36. Nf6+ Kg7 37. Ne8+ Kh8 38. Nf6+ Kg7 39. Ne8+ $11) 35. Ka2 {Threatens to win with Ne8+.} Qd5+ 36. Kb1 {Hoping for Ne8+.} Qh1+ (36... Qe5 $5 37. Ne8+ $8 Kh8 38. Nf6+ Kg7 39. Ne8+ Kh8 $11) 37. Ka2 {Ne8+ is the strong threat.} Qd5+ 38. Kb1 Qh1+ (38... Qe5 $5 39. Ne8+ $8 Kh8 40. Nf6+ Kg7 41. Ne8+ Kh8 42. Nf6+ Kg7 43. Ne8+ $11) 39. Ka2 {Black must now prevent Ne8+.} Bb6 {[%mdl 32768] Precision: White = 39%, Black = 73%. . Loss on Time!?} 1-0